Hans Christian Andersen's fairy tales / (Record no. 586)

MARC details
000 -LEADER
fixed length control field 01032nam a22002537a 4500
005 - DATE AND TIME OF LATEST TRANSACTION
control field 20231211160532.0
020 ## - INTERNATIONAL STANDARD BOOK NUMBER
International Standard Book Number 9781786173164
040 ## - CATALOGING SOURCE
Original cataloging agency FISKH
Language of cataloging eng
050 ## - LIBRARY OF CONGRESS CALL NUMBER
Classification number PZ8.A54
082 ## - DEWEY DECIMAL CLASSIFICATION NUMBER
Classification number Fic
100 ## - MAIN ENTRY--PERSONAL NAME
Personal name Parker, Vic
245 ## - TITLE STATEMENT
Title Hans Christian Andersen's fairy tales /
250 ## - EDITION STATEMENT
Edition statement This edition printer 2018
260 ## - PUBLICATION, DISTRIBUTION, ETC.
Place of publication, distribution, etc. Essex :
Name of publisher, distributor, etc. Miles Kelly.
Date of publication, distribution, etc. 2017.
300 ## - PHYSICAL DESCRIPTION
Extent 384 pages :
Other physical details color iluustrations :
Dimensions 23 cm
505 ## - FORMATTED CONTENTS NOTE
Formatted contents note U
520 ## - SUMMARY, ETC.
Summary, etc. The fairy tales of Hans Christian Andersen have inspired, frightened, and amused readers since they were first published in 1835. Readers will recognize the little mermaid who makes a deal with a sea witch in the hopes of winning a prince's heart; the conceited emperor who is swindled by two men who claim to be weaving magical cloth, and many more. There are 39 total stories in this volume.
521 ## - TARGET AUDIENCE NOTE
Target audience note 960 <br/>
Source Lexile estimate
521 ## - TARGET AUDIENCE NOTE
Target audience note U <br/>
Source Raz-Plus
650 ## - SUBJECT ADDED ENTRY--TOPICAL TERM
Topical term or geographic name entry element fairy tales
700 ## - ADDED ENTRY--PERSONAL NAME
Personal name Andersen, Hans Christian
Dates associated with a name 1805-1875
942 ## - ADDED ENTRY ELEMENTS (KOHA)
Source of classification or shelving scheme Dewey Decimal Classification
Koha item type Books
Suppress in OPAC No
999 ## -
-- 586
-- 586
Holdings
Withdrawn status Lost status Source of classification or shelving scheme Damaged status Not for loan Collection Home library Current library Shelving location Date acquired Total Checkouts Full call number Barcode Date last seen Price effective from Koha item type
    Dewey Decimal Classification     Fiction Footprints International School Library Network Toul Kork Campus Footprints International School Library Network Toul Kork Campus   06/19/2023   PAR Fic PZ8.A54 2023-0108 06/19/2023 06/19/2023 Books